00656nam a22001817a 450000500170000001000150001702000260003203500140005803700090007208200110008110000170009224501110010926000400022027001070026030000200036750000390038770000480042620240823104531.0 aENG-141392 a9788188951833c495.00 aEN-124924 bDBAD a328.32 aEgorov, A.D. aThe Emergence:bThe Phenomenon of the emergence/cBy A.D. Egorov, I.D. Egorov and edited by Kaushal Goyal  aNew DelhibPigeon Books Indiac2016 aI-2/16, Ansari Road, Daryaganj,bNew Delhie110006mgeneralbookdepot@yahoo.comk9810229648, 9312286851 a144p.c22cm(hb) aTranslated from Russian to English aBy I.D. Egorov and edited by Kaushal Goyal